Lacabanne, el interventor.

Guardado en:
Formato: Deslizar
Materias:
Etiquetas: Agregar Etiqueta
Sin Etiquetas, Sea el primero en etiquetar este registro!
LEADER 00890ngm a22002175g 4500
001 CEM.cems022945
008 130507b2010##################0###0#####d
005 20241127160600.0
245 0 0 |a Lacabanne, el interventor. 
300 |a 29'. 
500 |a En soporte VHS, consultar en ventanilla. 
505 0 |a Destitución de Obregón Cano como gobernador de Córdoba. El Brigadier Lacabanne: intervención de la provincia. Política de persecución al movimiento obrero y la tendencia revolucionaria. Represión política. Relevo de Lacabanne. 
538 |a Soporte: VHS - Norma: Pal N - Color: Si - Grabación DRD 2010 - Hitachi=5450 
082 9 8 |/ DEB 
653 |a LACABANNE 
653 |a OBREGON CANO 
653 |a REPRESION 
653 |a MOVIMIENTO OBRERO 
653 |a NIVEL PRIMARIO 
653 |a NIVEL SECUNDARIO 
859 |a CEMS  |b BIB. CEMS - Depto. Recursos Didacticos  |h 982  |i DEB  |k DRD  |p 1588.12  |t Ej.1